K H Khursheed ki yadain / (Record no. 526501)

000 -LEADER
fixed length control field 00498nam a22001697a 4500
003 - CONTROL NUMBER IDENTIFIER
control field NUST
038 ## - RECORD CONTENT LICENSOR
Staff Name waseem
082 ## - DEWEY DECIMAL CLASSIFICATION NUMBER
Classification number 923.1543
Author Mark SIN
100 ## - MAIN ENTRY--PERSONAL NAME
Personal name Sindho, Ghulam Rasool
9 (RLIN) 17516
245 ## - TITLE STATEMENT
Title K H Khursheed ki yadain /
Statement of responsibility, etc. Ghulam Rasool Sindho
260 ## - PUBLICATION, DISTRIBUTION, ETC.
Place of publication, distribution, etc. Gujranwala :
Name of publisher, distributor, etc. Gohar Publication House,
Date of publication, distribution, etc. 1991.
300 ## - PHYSICAL DESCRIPTION
Extent 182 p. ;
500 ## - GENERAL NOTE
General note Hardcover.
880 ## - ALTERNATE GRAPHIC REPRESENTATION
Linkage 100-01\r
Title غلام رسول سندھو
880 ## - ALTERNATE GRAPHIC REPRESENTATION
Linkage 245-02\r
Title کے ایچ خورشید کی یادیں /
942 ## - ADDED ENTRY ELEMENTS (KOHA)
Source of classification or shelving scheme
Koha item type Book
Holdings
Withdrawn status Lost status Source of classification or shelving scheme Damaged status Not for loan Permanent Location Current Location Shelving location Date acquired Total Checkouts Full call number Barcode Date last seen Price effective from Koha item type
          Central Library (CL) Central Library (CL) Biographies 07/12/2019   923.1543 SIN CL-E-1418 07/12/2019 07/12/2019 Book
© 2023 Central Library, National University of Sciences and Technology. All Rights Reserved.